Rétribution et justice pénale
| Contributors: | ; |
|---|---|
| Format: | Print Book |
| Language: | French |
| Published: |
Paris
Presses Univ. de France
1983
|
| In: |
Travaux et recherches de l'Université de Droit d'Economie et de Sciences Sociales de Paris (1)
Year: 1983 |
| Edition: | 1. éd. |
| Availability in Tübingen: | Present in Tübingen. UB: KB 7 E 163 |
| Check availability: | HBZ Gateway |
| Subito Delivery Service: | Order now. |
| Keywords: |
MARC
| LEADER | 00000cam a22000002c 4500 | ||
|---|---|---|---|
| 001 | 1091032009 | ||
| 003 | DE-627 | ||
| 005 | 20260129101108.0 | ||
| 007 | tu | ||
| 008 | 900718s1983 fr ||||| 00| ||fre c | ||
| 020 | |a 2130381944 |9 2-13-038194-4 | ||
| 035 | |a (DE-627)1091032009 | ||
| 035 | |a (DE-576)021032009 | ||
| 035 | |a (DE-599)BSZ021032009 | ||
| 035 | |a (OCoLC)11159464 | ||
| 035 | |a (OCoLC)11159464 | ||
| 040 | |a DE-627 |b ger |c DE-627 |e rakwb | ||
| 041 | |a fre | ||
| 044 | |c XA-FR | ||
| 050 | 0 | |a K5018 | |
| 082 | 0 | |a 342.577 | |
| 082 | 0 | |a 345.077 | |
| 245 | 0 | 0 | |a Rétribution et justice pénale |c F. Blondieau ... |
| 250 | |a 1. éd. | ||
| 264 | 1 | |a Paris |b Presses Univ. de France |c 1983 | |
| 300 | |a 106 S. | ||
| 336 | |a Text |b txt |2 rdacontent | ||
| 337 | |a ohne Hilfsmittel zu benutzen |b n |2 rdamedia | ||
| 338 | |a Band |b nc |2 rdacarrier | ||
| 490 | 1 | |a Travaux et recherches de l'Université de Droit, d'Economie et de Sciences Sociales de Paris, Série philosophie du droit |a Série philosophie du droit |v 1 | |
| 490 | 0 | |a Travaux du Centre de Philosophie du Droit | |
| 583 | 1 | |a Archivierung prüfen |c 20200919 |f DE-640 |z 3 |2 pdager | |
| 583 | 1 | |a Archivierung prüfen |c 20240324 |f DE-4165 |z 1 |2 pdager | |
| 650 | 0 | |a Punishment |x Congresses | |
| 650 | 0 | |a Criminal Law |x Congresses | |
| 700 | 1 | |a Blondieau, Francis |4 oth | |
| 700 | 1 | |a Villey, Michel |e Vorr. |4 aui | |
| 810 | 2 | |a Université de Droit, d'Economie et des Sciences Sociales |g Paris |t Travaux et recherches de l'Université de Droit d'Economie et de Sciences Sociales de Paris |p Série Philosophie du droit |v 1 |9 1 |w (DE-627)182299708 |w (DE-576)9182299706 |w (DE-600)1195194-1 |7 am | |
| 889 | |w (DE-627)02575212X | ||
| 935 | |i mdedup | ||
| 951 | |a BO | ||
| ELC | |b 1 | ||
| LOK | |0 000 xxxxxcx a22 zn 4500 | ||
| LOK | |0 001 2147775975 | ||
| LOK | |0 003 DE-627 | ||
| LOK | |0 004 1091032009 | ||
| LOK | |0 005 19900718000000 | ||
| LOK | |0 008 900718||||||||||||||||ger||||||| | ||
| LOK | |0 040 |a DE-21 |c DE-627 |d DE-21 | ||
| LOK | |0 852 |a DE-21 | ||
| LOK | |0 852 1 |c KB 7 E 163 |9 00 | ||
| LOK | |0 935 |a krim | ||
| LOK | |0 936ln |a k1 | ||
| LOK | |0 939 |a 18-07-90 |b l01 | ||
| ORI | |a SA-MARC-krimdoka001.raw | ||
| SIG | |a UB: KB 7 E 163 | ||
